LEADER 01190nam2-2200409---450 001 990005974190203316 005 20190702121515.0 010 $a3-322-00673-5 035 $a000597419 035 $aUSA01000597419 035 $a(ALEPH)000597419USA01 035 $a000597419 100 $a20031223d1989----km-y0itay0103----ba 101 0 $agrc 102 $aDE 105 $a||||||||001yy 200 1 $a<<2>>: Fragmenta. Indices$f[Pindarus]$gedidit Heruicus Maehler 210 $d1989 215 $aVIII,224 p.$d21 cm 225 $aBibliotheca scriptorum Graecorum et Romanorum Teubneriana 410 $1Bibliotheca scriptorum graecorum et romanorum teubneriana 410 0$12001 454 1$12001 461 1$1001000131794$12001 700 1$aPINDARUS$0152794 702 $aMAEHLER,$bHeinrich 801 0$aIT$bsalbc$gISBD 912 $a990005974190203316 951 $aGR. TEU. PIN 4$b1975 DSA 959 $aBK 969 $aDSA 979 $aDSA$b90$c20141024$lUSA01$h1212 979 $aDSA$b90$c20141024$lUSA01$h1213 979 $aDSA$b90$c20141024$lUSA01$h1220 979 $aCHIARA$b90$c20160205$lUSA01$h1010 996 $aFragmenta. Indices$9926905 997 $aUNISA LEADER 01205nam0 2200289 i 450 001 VAN00108726 005 20240806100737.747 010 $a978-14-939209-7-6 017 70$2N$a978-1-4939-2098-3 100 $a20170404d2015 |0itac50 ba 101 $aeng 102 $aUS 105 $a|||| ||||| 200 1 $aDeformation and Fracture of Solid-State Materials$eField Theoretical Approach and Engineering Applications$fSanichiro Yoshida 210 $aNew York$cSpringer$d2015 215 $aXI, 243 p.$cill.$d24 cm 620 $aUS$dNew York$3VANL000011 700 1$aYoshida$bSanichiro$3VANV083347$0720733 712 $aSpringer $3VANV108073$4650 801 $aIT$bSOL$c20240906$gRICA 856 4 $uhttps://link.springer.com/book/10.1007%2F978-1-4939-2098-3$zE-book ? Accesso al full-text attraverso riconoscimento IP di Ateneo, proxy e/o Shibboleth 899 $aBIBLIOTECA CENTRO DI SERVIZIO SBA$2VAN15 912 $fN 912 $aVAN00108726 950 $aBIBLIOTECA CENTRO DI SERVIZIO SBA$d15CONS SBA EBOOK 897 $e15EB 897 20170404 996 $aDeformation and Fracture of Solid-State Materials$91412391 997 $aUNICAMPANIA